Kpop groupes par logo - Statistiques

Statistiques générales
  • Ce quiz a été pris 2 883 fois
  • Le résultat moyen est 11 sur 20
Statistiques - réponses
Par images Réponse % Correct
BTS
98%
aespa
95%
Twice
93%
Stray Kids
89%
EXO
84%
Red Velvet
77%
Le Sserafim
76%
ILLIT
69%
Seventeen
62%
Babymonster
60%
I-dle
60%
Ateez
38%
Monsta X
36%
Treasure
32%
Mamamoo
31%
Fromis_9
27%
SuperM
26%
Kard
24%
Dreamcatcher
19%
EVNNE
14%
Aucun quiz correspondant
Distribution des résultats
% des personnes avec chaque résultat
Percentile par nombre de réponses
Votre historique - résultats
Vous n’avez pas pris ce quiz